<?xml version="1.0" encoding="UTF-8"?>
<collection xmlns="http://www.loc.gov/MARC21/slim">
<record>
  <controlfield tag="001">165020</controlfield>
  <controlfield tag="005">20251204150239.0</controlfield>
  <datafield tag="024" ind1="7" ind2=" ">
    <subfield code="2">doi</subfield>
    <subfield code="a">10.14349/rlp.2025.v57.12</subfield>
  </datafield>
  <datafield tag="024" ind1="8" ind2=" ">
    <subfield code="2">sideral</subfield>
    <subfield code="a">146442</subfield>
  </datafield>
  <datafield tag="037" ind1=" " ind2=" ">
    <subfield code="a">ART-2025-146442</subfield>
  </datafield>
  <datafield tag="041" ind1=" " ind2=" ">
    <subfield code="a">eng</subfield>
  </datafield>
  <datafield tag="100" ind1=" " ind2=" ">
    <subfield code="a">Edú-Valsania, Sergio</subfield>
  </datafield>
  <datafield tag="245" ind1=" " ind2=" ">
    <subfield code="a">Psychometric properties of the Self-reported Spanish version of the Multidimensional Servant Leadership Scale in Military Context</subfield>
  </datafield>
  <datafield tag="260" ind1=" " ind2=" ">
    <subfield code="c">2025</subfield>
  </datafield>
  <datafield tag="520" ind1="3" ind2=" ">
    <subfield code="a">Background: In recent years, the Spanish Army has prioritised leadership development. Servant Leadership is a model aligned with the Spanish military ethic. To facilitate this development, tools are needed to assess this leadership style in military contexts. Although there is a Spanish version of the Servant Leadership scale that collects followers’ perceptions, there is currently no self-reported scale adapted to the military context. The aim of this study is to adapt and validate the self-reported Multidimensional Servant Leadership Scale (MSLS) in Spanish for the military context. Method: A Confirmatory Factor Analysis was conducted with a sample of 382 military personnel from the Spanish Army who completed an online questionnaire. JASP version 0.8.3.1 was used to perform this analysis. Results: The results replicated the seven-factor structure of the original scale. In terms of criterion validity, we found that several dimensions of the scale were significantly related to leader engagement, organisational identification, and psychological capital although not all dimensions were significant. Conclusions: This paper provides a tool with psychometric guarantees that measures self-perception of Servant Leadership in Spanish military contexts.</subfield>
  </datafield>
  <datafield tag="506" ind1="0" ind2=" ">
    <subfield code="a">Access copy available to the general public</subfield>
    <subfield code="f">Unrestricted</subfield>
  </datafield>
  <datafield tag="540" ind1=" " ind2=" ">
    <subfield code="9">info:eu-repo/semantics/openAccess</subfield>
    <subfield code="a">by-nc-nd</subfield>
    <subfield code="u">https://creativecommons.org/licenses/by-nc-nd/4.0/deed.es</subfield>
  </datafield>
  <datafield tag="655" ind1=" " ind2="4">
    <subfield code="a">info:eu-repo/semantics/article</subfield>
    <subfield code="v">info:eu-repo/semantics/publishedVersion</subfield>
  </datafield>
  <datafield tag="700" ind1=" " ind2=" ">
    <subfield code="a">García-Guiu, Carlos</subfield>
  </datafield>
  <datafield tag="700" ind1=" " ind2=" ">
    <subfield code="a">Vadillo Bengoa, Nerea</subfield>
    <subfield code="0">(orcid)0000-0003-2841-8890</subfield>
  </datafield>
  <datafield tag="700" ind1=" " ind2=" ">
    <subfield code="a">Laguía, Ana</subfield>
  </datafield>
  <datafield tag="700" ind1=" " ind2=" ">
    <subfield code="a">Moriano, Juan A.</subfield>
  </datafield>
  <datafield tag="700" ind1=" " ind2=" ">
    <subfield code="a">Trujillo Pacheco, Francisco J.</subfield>
    <subfield code="0">(orcid)0000-0001-8133-0658</subfield>
  </datafield>
  <datafield tag="700" ind1=" " ind2=" ">
    <subfield code="a">Lozano Dicha, Narciso M.</subfield>
  </datafield>
  <datafield tag="773" ind1=" " ind2=" ">
    <subfield code="g">57 (2025), 120-128</subfield>
    <subfield code="p">Rev. Latinoam. Psicol.</subfield>
    <subfield code="t">Revista Latinoamericana de Psicología</subfield>
    <subfield code="x">0120-0534</subfield>
  </datafield>
  <datafield tag="856" ind1="4" ind2=" ">
    <subfield code="s">510937</subfield>
    <subfield code="u">http://zaguan.unizar.es/record/165020/files/texto_completo.pdf</subfield>
    <subfield code="y">Versión publicada</subfield>
  </datafield>
  <datafield tag="856" ind1="4" ind2=" ">
    <subfield code="s">2531082</subfield>
    <subfield code="u">http://zaguan.unizar.es/record/165020/files/texto_completo.jpg?subformat=icon</subfield>
    <subfield code="x">icon</subfield>
    <subfield code="y">Versión publicada</subfield>
  </datafield>
  <datafield tag="909" ind1="C" ind2="O">
    <subfield code="o">oai:zaguan.unizar.es:165020</subfield>
    <subfield code="p">articulos</subfield>
    <subfield code="p">driver</subfield>
  </datafield>
  <datafield tag="951" ind1=" " ind2=" ">
    <subfield code="a">2025-12-04-14:39:27</subfield>
  </datafield>
  <datafield tag="980" ind1=" " ind2=" ">
    <subfield code="a">ARTICLE</subfield>
  </datafield>
</record>
</collection>